Elementos de ingeniería de sistemas industriales
Guardado en:
| Autor principal: | |
|---|---|
| Otros Autores: | |
| Formato: | Libro |
| Publicado: |
Bogotá : PrenticeHall Internacional
1973
|
| Materias: | |
| Etiquetas: |
Agregar Etiqueta
Sin Etiquetas, Sea el primero en etiquetar este registro!
|
MARC
| LEADER | 00000nam a2200000Ia 4500 | ||
|---|---|---|---|
| 003 | L000647 | ||
| 005 | 20221231144000.0 | ||
| 008 | 140114s1973 ck a 000 ||s d | ||
| 040 | |c cru CEDI | ||
| 082 | |a 658.542 B635e | ||
| 100 | |a Blair, Raymond N. |9 18516 | ||
| 245 | |a Elementos de ingeniería de sistemas industriales | ||
| 260 | |a Bogotá : PrenticeHall Internacional |c 1973 | ||
| 300 | |a xii, 291 páginas : ilustraciones | ||
| 650 | |x INGENIERÍA INDUSTRIAL |9 18520 | ||
| 700 | |9 18518 |a Whitston, C. Wilson | ||
| 942 | |2 ddc |c BK | ||
| 999 | |c 15159 |d 15159 | ||
